000 00555nam a22002057a 4500
005 20260309122000.0
010 _aENG-147880
020 _a9788199132863
_c295.00
035 _aEN-131412
037 _bDBAD
082 _aS
100 _aM Deepak
_988157
245 _aETC/
_cDeepak M
250 _a1
260 _amaharastra
_bVishwakarma Publication
_c2025
270 _bPune
_a34A/1;suyog centre;7th Floor ';Gultekadi Marketyard Road;Giridher bhavan Chowk;
_e411037
300 _a195p.
_c21cm (pb)
700 _985906
942 _2ddc
_cEN
_hS
_mDEE
999 _c215418
_d215418